1388 1271 1519 1407 1908 1810 1003 1352 1055 1747 1616 1049 1496 1149 1600 1525 1515 1294 1238 1716 1986 1107 1303 1260 1279 1923 1970 1947 1410 1035 1438 1997 1358 1987 1994 1742 1227 1970 1309 1890 1235 1485 1784 1670 1526 1203 1266 1918 1492 1220 1607 1465 1812 1364 1663 1711 1065 1102 1626 1043 1477 1116 1447 1367 1938 1425 1549 1378 1323 1482 1996 1885 1388 1911 1759 1166 1201 1980 1316 1588 1934 1798 1903 1845 1918 1212 1519 1974 1083 1922 1838 1079 1370 1687 1405 1940 1287 1823 1914 BCNSPRNW ULIB Ver.6.0+V

เปลี่ยนเป็นภาษาไทย

Change to English
 แสดงรายละเอียดบรรณานุกรม
  กลับหน้าหลัก

Brief Record : Get Marc (ISO 2709) : E-mail record : QR code < ปิดหน้าต่าง
LEADER : 00000nam 2200000uu 4500
001    13399110963
003     ULIB
008    110614s||||||||th 000 0 tha d
020    974945605x
050  4 AC^bป399บ 2549
245 10 บันทึกคำ บันทึกคน 1 :^bรวมความเรียบเรียงเรื่องย่อจากรายการคนค้นคน ปีที่ 1 /^cบรรณาธิการ : ประสาน อิงคนันท์
246 31 ชื่อเรื่องจากปก : ค้นคำจากแฟ้มคน รวมคนต้นเรื่องจากรายการคนค้นคน ปีที่ 1
250    พิมพ์ครั้งที่ 1
260    กรุงเทพฯ :^bพิมพ์บูรพา,^c2549
300    206, [8] หน้า :^bภาพประกอบ
650  4 ไทย^vชีวประวัติ^xรวมเรื่อง
700 0  ประสาน อิงคนันท์, บรรณาธิการ
945    ^p195^l0^i019622
995    ทศพร
999 ^a ใช้งานได้ทุกระบบ
รายการนี้ยังไม่มีแท็ก
คุณยังไม่ได้ล็อกอิน คุณสามารถมีกิจกรรมร่วมกับเว็บไซต์ได้ แต่ต้องล็อกอินก่อน ::
  ล็อกอิน

รายการสื่อสารสนเทศ

ลำดับที่ ประเภท เลขเรียก/บาร์โค้ด สถานที่ สถานะ
- ไม่พบข้อมูล -

BibComment


ยังไม่เคยถูกคอมเมนท์

คอมเมนท์ทรัพยากรรายการนี้
  คอมเมนท์: บันทึกคำ บันทึกคน..


 Copyright 2026. Bcnsprnw @Library